| 000 | 01113nam a2200313 a 4500 | ||
|---|---|---|---|
| 001 | |||
| 003 | OSt | ||
| 005 | 20250502073820.0 | ||
| 008 | 100219s1980 dr r 000 0 spa d | ||
| 040 |
_aDO-SdBNP _bspa _cBNPHU |
||
| 082 |
_a 342.7293 _bA516no1980 |
||
| 100 | 1 |
_aAmiama, Manuel A. _d1899-1991 _98438 |
|
| 245 | 1 | 0 |
_aNotas de derecho constitucional / _cManuel A. Amiama ; prólogo Juan Tomás Mejía Feliú. |
| 250 | _a4a.ed. | ||
| 260 |
_aSanto Domingo : _bPublicaciones ONAP, _c1980. |
||
| 300 |
_a236 p. ; _c22 cm. |
||
| 490 | 1 |
_aEstudios jurídicos _v1 |
|
| 500 | _a | ||
| 504 | _aBibliografía : p. 235-236 | ||
| 590 | _aInventariado, 2020/VM | ||
| 650 | 0 |
_aDerecho constitucional _910314 |
|
| 651 | 4 |
_aRepública Dominicana _xDerecho constitucional _99303 |
|
| 651 | 4 |
_aRepública Dominicana _xConstitución _91008 |
|
| 700 | 1 | 2 |
_aMejía Feliú, Juan Tomás, _epról. _923984 |
| 710 | 1 | 2 |
_aRepública Dominicana. _bOficina Nacional de Administración y Personal _926398 |
| 830 | 0 |
_aEstudios jurídicos _n1 _959038 |
|
| 910 | _aVmateo / Validado. Control de calidad. EMS | ||
| 942 |
_2ddc _cLBS1 |
||
| 999 |
_c49136 _d49136 |
||